00528nam a2200133Ia 4500008004100000100002200041245010500063260003900168300001200207650001500219856006800234999001900302952007300321160712s9999 xx 000 0 und d aZarco, Timothy H. cTimothy H. ZarcoaThe Influence of Materialism on Consumer Preferences: A Conjoint Analysis Approach c2014bPhilippine Management Review avol. 21 xMANAGEMENT uhttp://journals.upd.edu.ph/index.php/pmr/issue/view/420/showToc c297205d297205 001040aCLbCLd2016-07-12l0r2016-07-12 00:00:00w2016-07-12yFEJ